[Event "TCh-FRA Top 16 GpA 2023"]
[Site "Chartres FRA"]
[Date "2023.06.07"]
[Round "7.2"]
[Board "1"]
[White "Korobov, Anton"]
[Black "Donchenko, Alexander"]
[Result "1/2-1/2"]
[WhiteTitle "GM"]
[BlackTitle "GM"]
[WhiteElo "2661"]
[BlackElo "2667"]
[WhiteTeam "Echiquier Chalonnais"]
[BlackTeam "Vandoeuvre Echecs"]
[WhiteFideId "14105730"]
[BlackFideId "24603295"]
[EventDate "2023.06.01"]

1. c4 e5 2. Nc3 Bb4 3. e3 Nf6 4. Nge2 O-O 5. a3 Be7 6. f4 Nc6 7. b4 d6 8. Qc2 a6
9. f5 b5 10. cxb5 axb5 11. Bb2 Qd7 12. Ng3 Na7 13. Be2 Bb7 14. O-O d5 15. Na2
Bd6 16. Nc1 Nc8 17. Nd3 Qe8 18. Nc5 Ra7 19. e4 d4 20. Nh5 Nxh5 21. Bxh5 Nb6 22.
f6 g6 23. Be2 Bc8 24. d3 Kh8 25. Bc1 Rg8 26. Bh6 Na4 27. Nxa4 Rxa4 28. Qb2 Be6
29. Bd1 Ra6 30. Rc1 Bf8 31. Bxf8 Qxf8 32. Rxc7 Qh6 33. Re1 Qh4 34. g3 Qxf6 35.
Bb3 Rf8 36. Rf1 Qd8 37. Rc5 Qb8 38. Bxe6 Rxe6 39. Qb3 Kg7 40. Qd5 Qa7 41. Rxb5
Qxa3 42. Rb7 Qxd3 43. Qxe6 Qe3+ 44. Rf2 Qe1+ 45. Rf1 Qe3+ 46. Rf2 Qe1+ 47. Rf1 1/2-1/2

[Event "TCh-FRA Top 16 GpA 2023"]
[Site "Chartres FRA"]
[Date "2023.06.07"]
[Round "7.2"]
[Board "2"]
[White "Hamitevici, Vladimir"]
[Black "Velten, Paul"]
[Result "0-1"]
[WhiteTitle "GM"]
[BlackTitle "GM"]
[WhiteElo "2493"]
[BlackElo "2493"]
[WhiteTeam "Vandoeuvre Echecs"]
[BlackTeam "Echiquier Chalonnais"]
[WhiteFideId "13902393"]
[BlackFideId "681091"]
[EventDate "2023.06.01"]

1. c4 e5 2. g3 Nf6 3. Bg2 Bc5 4. Nc3 c6 5. e3 O-O 6. Nge2 d5 7. cxd5 Nxd5 8.
Nxd5 cxd5 9. Qb3 Nc6 10. Qxd5 Qe7 11. Qe4 f5 12. Qb1 f4 13. Be4 Bh3 14. Rg1 Rad8
15. a3 a5 16. Qc2 Kh8 17. d3 fxe3 18. Bxe3 Bxe3 19. fxe3 Rc8 20. Qd2 Qf7 21. Nc3
Qf1+ 22. Rxf1 Rxf1+ 23. Ke2 Rxa1 24. Bxc6 bxc6 25. Ne4 Bg4+ 26. Kf2 Rf8+ 27. Kg2
Rff1 28. Nf2 Rg1# 0-1

[Event "TCh-FRA Top 16 GpA 2023"]
[Site "Chartres FRA"]
[Date "2023.06.07"]
[Round "7.2"]
[Board "3"]
[White "David, Alberto"]
[Black "Nezar, Mustapha"]
[Result "1/2-1/2"]
[WhiteTitle "GM"]
[BlackTitle "IM"]
[WhiteElo "2540"]
[BlackElo "2356"]
[WhiteTeam "Echiquier Chalonnais"]
[BlackTeam "Vandoeuvre Echecs"]
[WhiteFideId "4000013"]
[BlackFideId "608637"]
[EventDate "2023.06.01"]

1. e4 e5 2. Nf3 Nf6 3. Nxe5 d6 4. Nf3 Nxe4 5. d4 d5 6. Bd3 Be7 7. O-O Nc6 8. c4
Nf6 9. Nc3 O-O 10. cxd5 Nb4 11. Re1 Nbxd5 12. h3 Re8 13. Bg5 Be6 14. Bc2 c6 15.
a3 Nd7 16. Bxe7 Rxe7 17. Ng5 Nf8 18. Qf3 Nf6 19. Rad1 Bc4 20. Nge4 Nxe4 21. Rxe4
Rxe4 22. Bxe4 Bb3 23. Rd3 Bc4 1/2-1/2

[Event "TCh-FRA Top 16 GpA 2023"]
[Site "Chartres FRA"]
[Date "2023.06.07"]
[Round "7.2"]
[Board "4"]
[White "Decuigniere, Tom"]
[Black "Salgado Lopez, Ivan"]
[Result "0-1"]
[WhiteTitle "FM"]
[BlackTitle "GM"]
[WhiteElo "2375"]
[BlackElo "2591"]
[WhiteTeam "Vandoeuvre Echecs"]
[BlackTeam "Echiquier Chalonnais"]
[WhiteFideId "26093820"]
[BlackFideId "2257327"]
[EventDate "2023.06.01"]

1. d4 Nf6 2. c4 e6 3. Nc3 Bb4 4. a3 Bxc3+ 5. bxc3 c5 6. f3 d6 7. e4 Nc6 8. d5
Ne7 9. Ne2 e5 10. g4 h5 11. g5 Nd7 12. h4 Nf8 13. f4 Bg4 14. f5 Bf3 15. Rh2 Bxe4
16. Ng3 Bxf5 17. Nxh5 Rh7 18. Ng3 Qa5 19. Bd2 g6 20. Qf3 Nd7 21. h5 O-O-O 22. h6
Qa4 23. Ne4 Kc7 24. Bd3 Rf8 25. Rf2 Rhh8 26. Kf1 Bxe4 27. Qxe4 f5 28. gxf6 Nxf6
29. Qh4 Nf5 30. Qg5 Ne4 31. Bxe4 Qxc4+ 32. Kg1 Qxe4 0-1

[Event "TCh-FRA Top 16 GpA 2023"]
[Site "Chartres FRA"]
[Date "2023.06.07"]
[Round "7.2"]
[Board "5"]
[White "Dorfman, Iossif"]
[Black "Pourquet, Matthieu"]
[Result "1/2-1/2"]
[WhiteTitle "GM"]
[WhiteElo "2541"]
[BlackElo "2181"]
[WhiteTeam "Echiquier Chalonnais"]
[BlackTeam "Vandoeuvre Echecs"]
[WhiteFideId "604011"]
[BlackFideId "20654642"]
[EventDate "2023.06.01"]

1. d4 Nf6 2. c4 e6 3. Nf3 b6 4. g3 Bb7 5. Bg2 Bb4+ 6. Bd2 c5 7. O-O O-O 8. Bxb4
cxb4 9. Qd3 d6 10. Nbd2 Qc7 11. Rfc1 Nbd7 12. a3 bxa3 13. b4 a5 14. Qxa3 axb4
15. Qxb4 Rxa1 16. Rxa1 Ra8 17. Rxa8+ Bxa8 18. Ng5 Bxg2 19. Kxg2 h6 20. Nge4 Nxe4
21. Nxe4 Qc6 22. f3 d5 23. cxd5 Qxd5 24. Nc3 Qc6 25. e4 h5 26. h4 Nf6 27. Kf2 g6
28. Ke3 1/2-1/2

[Event "TCh-FRA Top 16 GpA 2023"]
[Site "Chartres FRA"]
[Date "2023.06.07"]
[Round "7.2"]
[Board "6"]
[White "Adrian, Claude"]
[Black "Bournel, Antoine"]
[Result "0-1"]
[WhiteTitle "IM"]
[BlackTitle "IM"]
[WhiteElo "2168"]
[BlackElo "2354"]
[WhiteTeam "Vandoeuvre Echecs"]
[BlackTeam "Echiquier Chalonnais"]
[WhiteFideId "601071"]
[BlackFideId "26093553"]
[EventDate "2023.06.01"]

1. c4 e5 2. g3 Nf6 3. Nc3 Bb4 4. e4 O-O 5. Nge2 d6 6. Bg2 Bg4 7. h3 Bxe2 8. Nxe2
Bc5 9. O-O Nc6 10. Kh2 Nd4 11. d3 c6 12. f4 h6 13. g4 Nxe2 14. Qxe2 exf4 15.
Bxf4 Nh7 16. d4 Bxd4 17. Rad1 c5 18. Bg3 Ng5 19. Rf5 Qe7 20. h4 Ne6 21. Rd3 Be5
22. Bxe5 dxe5 23. Qf2 Nf4 24. Rb3 g6 25. Rxf4 exf4 26. Qxf4 Qxh4+ 27. Rh3 Qg5 0-1

[Event "TCh-FRA Top 16 GpA 2023"]
[Site "Chartres FRA"]
[Date "2023.06.07"]
[Round "7.2"]
[Board "7"]
[White "Guilleux, Fabien"]
[Black "Vallee, Louis"]
[Result "0-1"]
[WhiteTitle "IM"]
[WhiteElo "2392"]
[BlackElo "2131"]
[WhiteTeam "Echiquier Chalonnais"]
[BlackTeam "Vandoeuvre Echecs"]
[WhiteFideId "657883"]
[BlackFideId "45103291"]
[EventDate "2023.06.01"]

1. d4 d5 2. c4 e6 3. Nf3 c5 4. cxd5 exd5 5. g3 Be7 6. Bg2 c4 7. O-O Nf6 8. b3
cxb3 9. Qxb3 O-O 10. Bg5 Nc6 11. Nc3 Na5 12. Qb1 Be6 13. Bxf6 Bxf6 14. e3 Rc8
15. Rc1 Qd7 16. Ne1 Be7 17. Nd3 Ba3 18. Rc2 Rc7 19. Ne2 Rxc2 20. Qxc2 Rc8 21.
Qd1 g5 22. Ne5 Qe8 23. Qd3 Bd6 24. e4 dxe4 25. Bxe4 f6 26. Nf3 Bc4 27. Qe3 Rc7
28. Bxh7+ Kf8 29. Qxe8+ Kxe8 30. Bg6+ Kf8 31. Nc3 Kg7 32. Bf5 Bb4 33. Ne4 Bd5
34. Nfd2 Rc2 35. Nb3 Nxb3 36. axb3 Re2 37. Nc5 Bc3 38. Rd1 b6 39. Bg4 Rb2 40.
Be6 Bf3 41. Rc1 0-1

[Event "TCh-FRA Top 16 GpA 2023"]
[Site "Chartres FRA"]
[Date "2023.06.07"]
[Round "7.2"]
[Board "8"]
[White "Steil-Antoni, Fiona"]
[Black "Alexieva, Silvia"]
[Result "1-0"]
[WhiteTitle "WIM"]
[BlackTitle "IM"]
[WhiteElo "2185"]
[BlackElo "2213"]
[WhiteTeam "Vandoeuvre Echecs"]
[BlackTeam "Echiquier Chalonnais"]
[WhiteFideId "4001249"]
[BlackFideId "2902265"]
[EventDate "2023.06.01"]

1. e4 c5 2. c3 Nf6 3. e5 Nd5 4. d4 cxd4 5. Qxd4 e6 6. Bd3 Qc7 7. Nf3 Nc6 8. Qe4
Ncb4 9. Bb5 a6 10. Ba4 b5 11. Bb3 Bb7 12. Qe2 a5 13. Nd4 a4 14. Nxb5 Qc5 15. Bd1
a3 16. N1xa3 Na6 17. O-O Nac7 18. c4 Nb6 19. Be3 Qc6 20. Qg4 Nxb5 21. Bf3 Qc8
22. Bxb7 Qxb7 23. Nxb5 h5 24. Qd4 Nd5 25. cxd5 Qxb5 26. d6 g6 27. Rfc1 Bg7 28.
f4 O-O 29. a4 Qe2 30. Qd2 Qg4 31. h3 Qf5 32. Qc2 Rfb8 33. Qxf5 gxf5 34. Ra2 Rb4
35. a5 Bh6 36. a6 Re4 37. Rc3 Bxf4 38. Bxf4 Rxf4 39. Rc7 Re4 40. a7 Rxe5 41. Rb7 1-0

[Event "TCh-FRA Top 16 GpA 2023"]
[Site "Chartres FRA"]
[Date "2023.06.07"]
[Round "7.3"]
[Board "1"]
[White "Ter-Sahakyan, Samvel"]
[Black "Sanikidze, Tornike"]
[Result "1/2-1/2"]
[WhiteTitle "GM"]
[BlackTitle "GM"]
[WhiteElo "2598"]
[BlackElo "2491"]
[WhiteTeam "Lyon Olympique Echecs"]
[BlackTeam "C.E.Strasbourg"]
[WhiteFideId "13302531"]
[BlackFideId "13602608"]
[EventDate "2023.06.01"]

1. d4 Nf6 2. c4 e6 3. Nc3 d5 4. cxd5 Nxd5 5. e4 Nxc3 6. bxc3 c5 7. Rb1 Be7 8.
Nf3 O-O 9. h4 b6 10. Bd3 Ba6 11. e5 Bxd3 12. Qxd3 cxd4 13. cxd4 Nc6 14. Qe4 Qd5
15. Qxd5 exd5 16. Ke2 f6 17. Be3 fxe5 18. Nxe5 Rac8 19. Nf3 Na5 20. Rhc1 Nc4 21.
g3 Bd6 22. h5 Nxe3 23. fxe3 Bxg3 24. Rxc8 Rxc8 25. Rb5 Rd8 26. Ng5 h6 27. Kf3
hxg5 28. Kxg3 Kh7 29. Kg4 Kh6 30. a4 Rd7 31. a5 Rd6 32. axb6 axb6 33. Rb3 Re6
34. Rb5 Re4+ 35. Kf3 g4+ 36. Kf2 g3+ 37. Kxg3 Rxe3+ 38. Kf4 1/2-1/2

[Event "TCh-FRA Top 16 GpA 2023"]
[Site "Chartres FRA"]
[Date "2023.06.07"]
[Round "7.3"]
[Board "2"]
[White "Kovchan, Alexander"]
[Black "Grigoryan, Karen H."]
[Result "1/2-1/2"]
[WhiteTitle "GM"]
[BlackTitle "GM"]
[WhiteElo "2446"]
[BlackElo "2626"]
[WhiteTeam "C.E.Strasbourg"]
[BlackTeam "Lyon Olympique Echecs"]
[WhiteFideId "14103052"]
[BlackFideId "13301004"]
[EventDate "2023.06.01"]

1. e4 c5 2. Nf3 e6 3. d4 cxd4 4. Nxd4 a6 5. Bd3 Qc7 6. O-O Nf6 7. c4 d6 8. Nc3
g6 9. Be3 Bg7 10. Rc1 O-O 11. b3 b6 12. f3 Bb7 13. Qd2 Re8 14. Rfd1 Nbd7 15. Bf1
Ne5 16. Bg5 1/2-1/2

[Event "TCh-FRA Top 16 GpA 2023"]
[Site "Chartres FRA"]
[Date "2023.06.07"]
[Round "7.3"]
[Board "3"]
[White "Pichot, Alan"]
[Black "Baklan, Vladimir"]
[Result "1/2-1/2"]
[WhiteTitle "GM"]
[BlackTitle "GM"]
[WhiteElo "2638"]
[BlackElo "2544"]
[WhiteTeam "Lyon Olympique Echecs"]
[BlackTeam "C.E.Strasbourg"]
[WhiteFideId "110973"]
[BlackFideId "14102196"]
[EventDate "2023.06.01"]

1. e4 c5 2. Nf3 Nc6 3. d4 cxd4 4. Nxd4 e5 5. Nb5 d6 6. c4 g6 7. Bd3 Be6 8. O-O
a6 9. N5c3 Bg7 10. Nd5 Nf6 11. Nbc3 Nd7 12. Be3 O-O 13. Qd2 Rc8 14. Rac1 Kh8 15.
b4 f5 16. exf5 gxf5 17. f4 Qe8 18. Kh1 exf4 19. Bxf4 Nce5 20. Rce1 Nxd3 21. Qxd3
Ne5 22. Bxe5 dxe5 23. Nb6 e4 24. Qg3 Bxc4 25. Nxc4 Rxc4 26. Nd5 Qe5 27. Nf4 Rxb4
28. Qh3 Rb6 29. Rd1 e3 30. Rde1 Re8 31. Qh5 Qe4 32. Nd5 Rg6 33. Nf4 Rh6 34. Qg5
Rg8 35. Rxe3 Bf8 36. Rxe4 Rxg5 37. Re8 Rg8 38. Re5 Rf6 39. Nd5 Rf7 40. Rexf5
Rxf5 41. Rxf5 Bd6 42. g3 Rf8 43. Rxf8+ Bxf8 44. Kg2 Kg8 45. Kf3 Kf7 46. Ke4 Ke6
47. g4 Bd6 1/2-1/2

[Event "TCh-FRA Top 16 GpA 2023"]
[Site "Chartres FRA"]
[Date "2023.06.07"]
[Round "7.3"]
[Board "4"]
[White "Vitoux, Colomban"]
[Black "Vernay, Clovis"]
[Result "1/2-1/2"]
[WhiteTitle "IM"]
[BlackTitle "GM"]
[WhiteElo "2371"]
[BlackElo "2491"]
[WhiteTeam "C.E.Strasbourg"]
[BlackTeam "Lyon Olympique Echecs"]
[WhiteFideId "628549"]
[BlackFideId "633046"]
[EventDate "2023.06.01"]

1. d4 d5 2. Nf3 Nf6 3. c4 c6 4. Qb3 e6 5. g3 dxc4 6. Qxc4 c5 7. Bg2 Nc6 8. dxc5
Qa5+ 9. Nbd2 Qxc5 10. O-O Bd7 1/2-1/2

[Event "TCh-FRA Top 16 GpA 2023"]
[Site "Chartres FRA"]
[Date "2023.06.07"]
[Round "7.3"]
[Board "5"]
[White "Buscara, Sevan"]
[Black "Sharif, Mehrshad"]
[Result "1/2-1/2"]
[WhiteTitle "IM"]
[BlackTitle "IM"]
[WhiteElo "2361"]
[BlackElo "2330"]
[WhiteTeam "Lyon Olympique Echecs"]
[BlackTeam "C.E.Strasbourg"]
[WhiteFideId "650234"]
[BlackFideId "600121"]
[EventDate "2023.06.01"]

1. e4 e6 2. d4 d5 3. e5 c5 4. c3 Nc6 5. Nf3 Nge7 6. Bd3 cxd4 7. cxd4 Nf5 8. Bxf5
exf5 9. Nc3 Be6 10. Bg5 Qb6 11. O-O h6 12. Na4 Qb5 13. Bd2 Be7 14. Rc1 O-O 15.
b3 Ba3 1/2-1/2

[Event "TCh-FRA Top 16 GpA 2023"]
[Site "Chartres FRA"]
[Date "2023.06.07"]
[Round "7.3"]
[Board "6"]
[White "Roos, Jean-Luc"]
[Black "Benitah, Yohan"]
[Result "0-1"]
[WhiteTitle "IM"]
[BlackTitle "IM"]
[WhiteElo "2184"]
[BlackElo "2361"]
[WhiteTeam "C.E.Strasbourg"]
[BlackTeam "Lyon Olympique Echecs"]
[WhiteFideId "600601"]
[BlackFideId "609560"]
[EventDate "2023.06.01"]

1. d4 Nf6 2. Bf4 g6 3. Nf3 Bg7 4. Nbd2 d5 5. e3 O-O 6. h3 c5 7. Be2 Qb6 8. O-O
Qxb2 9. Rb1 Qxa2 10. c4 cxd4 11. Ra1 Qb2 12. Nxd4 Qb6 13. Qa4 Na6 14. Rfb1 Qd8
15. cxd5 Nxd5 16. Bxa6 Nxf4 17. Bxb7 Bxb7 0-1

[Event "TCh-FRA Top 16 GpA 2023"]
[Site "Chartres FRA"]
[Date "2023.06.07"]
[Round "7.3"]
[Board "7"]
[White "Crut, Aurelien"]
[Black "Roos, Louis"]
[Result "1/2-1/2"]
[WhiteTitle "IM"]
[BlackTitle "IM"]
[WhiteElo "2343"]
[BlackElo "2254"]
[WhiteTeam "Lyon Olympique Echecs"]
[BlackTeam "C.E.Strasbourg"]
[WhiteFideId "610569"]
[BlackFideId "600288"]
[EventDate "2023.06.01"]

1. e4 d6 2. d4 Nf6 3. Nc3 c6 4. f4 Qa5 5. Bd3 e5 6. Nf3 exd4 7. Nxd4 Qb6 8. Nf3
Be7 9. Qe2 Nbd7 10. e5 dxe5 11. fxe5 1/2-1/2

[Event "TCh-FRA Top 16 GpA 2023"]
[Site "Chartres FRA"]
[Date "2023.06.07"]
[Round "7.3"]
[Board "8"]
[White "Koch, Marion"]
[Black "Rollot, Florence"]
[Result "0-1"]
[WhiteElo "1648"]
[BlackElo "2018"]
[WhiteTeam "C.E.Strasbourg"]
[BlackTeam "Lyon Olympique Echecs"]
[WhiteFideId "26022133"]
[BlackFideId "26016060"]
[EventDate "2023.06.01"]

1. d4 Nf6 2. Nf3 c5 3. c3 Qc7 4. e3 g6 5. Nbd2 Bg7 6. Bd3 O-O 7. O-O d6 8. Re1
Nc6 9. Qc2 Rb8 10. e4 b5 11. b3 cxd4 12. cxd4 Qb6 13. Bb2 Bd7 14. Rac1 Rfc8 15.
Qb1 e5 16. dxe5 Ng4 17. Rf1 Ncxe5 18. Nxe5 Nxe5 19. Be2 Bh6 20. Rxc8+ Rxc8 21.
Qd1 Qc6 22. Bxe5 dxe5 23. Nf3 Bg7 24. Qd5 Qxd5 25. exd5 Rc2 26. Bd3 Rc5 27. h3
f5 28. Be2 e4 29. Nd2 Rc2 30. Rd1 Bh6 0-1

[Event "TCh-FRA Top 16 GpA 2023"]
[Site "Chartres FRA"]
[Date "2023.06.07"]
[Round "7.4"]
[Board "1"]
[White "Van Foreest, Lucas"]
[Black "Ragger, Markus"]
[Result "1/2-1/2"]
[WhiteTitle "GM"]
[BlackTitle "GM"]
[WhiteElo "2547"]
[BlackElo "2631"]
[WhiteTeam "Tremblay en France"]
[BlackTeam "Bischwiller"]
[WhiteFideId "1039792"]
[BlackFideId "1610856"]
[EventDate "2023.06.01"]

1. e4 e5 2. Nf3 Nc6 3. Nc3 Nf6 4. d4 exd4 5. Nxd4 Bb4 6. Nxc6 bxc6 7. Bd3 d5 8.
Bd2 O-O 9. O-O Bxc3 10. Bxc3 dxe4 11. Bxf6 Qxf6 12. Bxe4 Qxb2 13. Bxc6 Rb8 14.
Rb1 Qxb1 1/2-1/2

[Event "TCh-FRA Top 16 GpA 2023"]
[Site "Chartres FRA"]
[Date "2023.06.07"]
[Round "7.4"]
[Board "2"]
[White "Naiditsch, Arkadij"]
[Black "Abergel, Thal"]
[Result "1-0"]
[WhiteTitle "GM"]
[BlackTitle "GM"]
[WhiteElo "2669"]
[BlackElo "2373"]
[WhiteTeam "Bischwiller"]
[BlackTeam "Tremblay en France"]
[WhiteFideId "4650891"]
[BlackFideId "614890"]
[EventDate "2023.06.01"]

1. e4 c6 2. d4 d5 3. exd5 cxd5 4. Bd3 Nf6 5. h3 g6 6. Nf3 Bg7 7. O-O Nc6 8. Bf4
O-O 9. c3 Nh5 10. Bh2 Bh6 11. Re1 Be6 12. Na3 a6 13. Nc2 Qd7 14. Bf1 Nf6 15. Ne5
Qc8 16. Ne3 b5 17. Nd3 Qd8 18. a4 Qb6 19. Nc5 b4 20. Nxe6 fxe6 21. Ng4 Nxg4 22.
Qxg4 Nd8 23. a5 Qb7 24. c4 Bg7 25. Be5 b3 26. h4 Rf5 27. Bd3 dxc4 28. Bxf5 exf5
29. Qe2 Qd5 30. Bxg7 Kxg7 31. Qxe7+ Nf7 32. h5 Rd8 33. Rac1 Rd7 34. Qc5 Qxd4 35.
Qxc4 Qxb2 36. hxg6 hxg6 37. Qxa6 Qd4 38. Rb1 Ne5 39. Rxb3 Nd3 40. Rxd3 Qxd3 41.
Qxd3 Rxd3 42. Ra1 Rd7 43. a6 Ra7 44. Kh2 g5 45. Kg3 Kf6 46. Ra5 Ke6 47. Kf3 Kf6
48. Ke3 Ke6 1-0

[Event "TCh-FRA Top 16 GpA 2023"]
[Site "Chartres FRA"]
[Date "2023.06.07"]
[Round "7.4"]
[Board "3"]
[White "Flom, Gabriel"]
[Black "Maze, Sebastien"]
[Result "1/2-1/2"]
[WhiteTitle "GM"]
[BlackTitle "GM"]
[WhiteElo "2442"]
[BlackElo "2539"]
[WhiteTeam "Tremblay en France"]
[BlackTeam "Bischwiller"]
[WhiteFideId "621650"]
[BlackFideId "613762"]
[EventDate "2023.06.01"]

1. d4 Nf6 2. c4 d6 3. Nf3 Nbd7 4. Nc3 e5 5. e4 g6 6. Be2 Bg7 7. O-O O-O 8. Bg5
h6 9. Be3 Qe7 10. Re1 c6 11. d5 c5 12. g3 Kh8 13. a3 Ng8 1/2-1/2

[Event "TCh-FRA Top 16 GpA 2023"]
[Site "Chartres FRA"]
[Date "2023.06.07"]
[Round "7.4"]
[Board "4"]
[White "Fressinet, Laurent"]
[Black "Vlachos, Anatole"]
[Result "1-0"]
[WhiteTitle "GM"]
[BlackTitle "IM"]
[WhiteElo "2632"]
[BlackElo "2448"]
[WhiteTeam "Bischwiller"]
[BlackTeam "Tremblay en France"]
[WhiteFideId "608742"]
[BlackFideId "26093189"]
[EventDate "2023.06.01"]

1. e4 e5 2. Nf3 Nc6 3. Bb5 a6 4. Ba4 Nf6 5. O-O Be7 6. d3 b5 7. Bb3 O-O 8. a4 b4
9. Nbd2 d6 10. a5 Be6 11. Nc4 Qc8 12. Re1 Qb7 13. h3 h6 14. Be3 Rfd8 15. Qe2 Nd7
16. Ba4 Nf6 17. Nfd2 d5 18. Bxc6 Qxc6 19. Nxe5 Qxc2 20. Rec1 Qxb2 21. Nc6 d4 22.
Nxe7+ Kf8 23. Nc6 dxe3 24. Qxe3 Rd7 25. Qc5+ Kg8 26. Qxb4 Qxb4 27. Nxb4 Rd4 28.
Rab1 Rb8 29. Nxa6 Rxb1 30. Nxb1 Rxd3 31. Nxc7 Rd4 1-0

[Event "TCh-FRA Top 16 GpA 2023"]
[Site "Chartres FRA"]
[Date "2023.06.07"]
[Round "7.4"]
[Board "5"]
[White "Kuhn, Clement"]
[Black "Rodshtein, Maxim"]
[Result "0-1"]
[WhiteTitle "FM"]
[BlackTitle "GM"]
[WhiteElo "2313"]
[BlackElo "2604"]
[WhiteTeam "Tremblay en France"]
[BlackTeam "Bischwiller"]
[WhiteFideId "36099775"]
[BlackFideId "2806851"]
[EventDate "2023.06.01"]

1. e4 c5 2. Nf3 Nc6 3. Bb5 e6 4. O-O Nge7 5. d4 cxd4 6. Nxd4 Ng6 7. Re1 Be7 8.
Be3 O-O 9. c3 a6 10. Bf1 Nxd4 11. Bxd4 b5 12. a4 Bb7 13. Nd2 Bc6 14. axb5 axb5
15. Qb3 Rb8 16. Ra6 Bd6 17. Qd1 Ra8 18. Rxa8 Qxa8 19. b4 f5 20. exf5 Rxf5 21. g3
Nf4 22. Qa1 Qf8 23. Ne4 Rh5 24. Qd1 Qf5 25. g4 Bxe4 26. Rxe4 Rg5 27. Re3 Rxg4+
28. Rg3 h5 29. Be3 Nd5 30. Rxg4 hxg4 31. Bg2 Nxe3 32. fxe3 Qe5 33. Kf2 Kf7 34.
Qxg4 Qxc3 35. Qh5+ Ke7 36. Qxb5 Qb2+ 37. Kf1 Qb1+ 38. Kf2 Qb2+ 39. Kf1 Qf6+ 40.
Ke2 Qh4 41. e4 Qxh2 42. Qg5+ Kf7 43. b5 Be7 44. Qg4 Qe5 45. Qf3+ Ke8 46. Qb3 Bc5
47. Bf3 Qd4 48. Qd3 Qb2+ 49. Kd1 Kd8 50. Ke1 g5 51. Kd1 Qf2 52. Qc3 Qf1+ 53. Kc2
Qxb5 54. Qh8+ Kc7 55. Qe5+ Kc6 56. Qc3 Qf1 57. Qd3 Qf2+ 58. Kb3 Kc7 59. Qc3 Kd6
60. Qf6 Bd4 61. Qf8+ Kc7 62. Kc4 g4 63. Qf4+ e5 64. Qxg4 Qc2+ 65. Kb4 Bc5+ 66.
Kb5 Qb3+ 0-1

[Event "TCh-FRA Top 16 GpA 2023"]
[Site "Chartres FRA"]
[Date "2023.06.07"]
[Round "7.4"]
[Board "6"]
[White "Bellahcene, Bilel"]
[Black "Mekhane, Adam"]
[Result "1-0"]
[WhiteTitle "GM"]
[BlackTitle "FM"]
[WhiteElo "2497"]
[BlackElo "2254"]
[WhiteTeam "Bischwiller"]
[BlackTeam "Tremblay en France"]
[WhiteFideId "696358"]
[BlackFideId "36050601"]
[EventDate "2023.06.01"]

1. d4 Nf6 2. c4 e6 3. Nf3 d5 4. Nc3 Bb4 5. Bg5 h6 6. Bh4 dxc4 7. a3 Be7 8. e3 c5
9. Bxc4 cxd4 10. exd4 Nd5 11. Bg3 Nxc3 12. bxc3 O-O 13. O-O Nc6 14. Qe2 Qa5 15.
Qe3 b6 16. a4 Ba6 17. Bxa6 Qxa6 18. Rfb1 Rac8 19. Rb5 Bf6 20. Nd2 Na5 21. Ne4
Be7 22. Bf4 Nc4 23. Qg3 Kh7 24. Rh5 f5 25. Bxh6 gxh6 26. Ng5+ Kg6 27. Nxe6+ Kf7
28. Nxf8 Bxf8 29. Rxf5+ Ke6 30. Qg6+ 1-0

[Event "TCh-FRA Top 16 GpA 2023"]
[Site "Chartres FRA"]
[Date "2023.06.07"]
[Round "7.4"]
[Board "7"]
[White "Shirazi, Kamran"]
[Black "Le Roux, Jean-Pierre"]
[Result "0-1"]
[WhiteTitle "IM"]
[BlackTitle "GM"]
[WhiteElo "2278"]
[BlackElo "2509"]
[WhiteTeam "Tremblay en France"]
[BlackTeam "Bischwiller"]
[WhiteFideId "2000733"]
[BlackFideId "609404"]
[EventDate "2023.06.01"]

1. d4 c5 2. Nf3 cxd4 3. Nxd4 Nc6 4. g3 g6 5. Bg2 Bg7 6. Nb3 d6 7. O-O Nf6 8. e4
O-O 9. Nc3 Bg4 10. f3 Be6 11. Nd5 a5 12. a4 Nb4 13. Ne3 Bxb3 14. cxb3 e6 15. g4
Nd7 16. Qe2 Nc5 17. Bd2 Nxb3 18. Rad1 Nd4 19. Qf2 Nd3 20. Qe1 Nb4 0-1

[Event "TCh-FRA Top 16 GpA 2023"]
[Site "Chartres FRA"]
[Date "2023.06.07"]
[Round "7.4"]
[Board "8"]
[White "Maisuradze, Nino"]
[Black "Aflalo, Sophie"]
[Result "1/2-1/2"]
[WhiteTitle "WGM"]
[WhiteElo "2276"]
[BlackElo "2120"]
[WhiteTeam "Bischwiller"]
[BlackTeam "Tremblay en France"]
[WhiteFideId "13601717"]
[BlackFideId "656887"]
[EventDate "2023.06.01"]

1. d4 e6 2. e4 d5 3. exd5 exd5 4. Bd3 Nc6 5. c3 Qe7+ 6. Ne2 Bg4 7. O-O O-O-O 8.
b4 Qh4 9. f3 Be6 10. b5 Na5 11. Nd2 Kb8 12. Qa4 b6 13. Qc2 h5 14. a4 Nh6 15. Nb3
Ng4 16. fxg4 hxg4 17. Bf4 Bd6 18. Nxa5 bxa5 19. Qd2 g5 20. Bg3 Qh6 21. Nc1 f5
22. Bxd6 Rxd6 23. g3 f4 24. gxf4 g3 25. f5 Bf7 26. Ra2 gxh2+ 27. Qxh2 Qf8 28.
Qg2 Rdh6 29. Re2 g4 30. f6 g3 31. Bf5 Qg8 32. Rf3 Qg5 33. Nd3 Rh2 34. Ne1 Rxg2+
35. Rxg2 Qc1 36. Re2 Qh6 37. Rxg3 Qxf6 38. Bh3 Qh4 39. Kg2 Bh5 40. Re5 Qf4 41.
Rxh5 Qe4+ 42. Nf3 Rxh5 43. Rg8+ Kb7 44. Bc8+ Kb6 45. Bg4 Rh8 46. Rxh8 Qxg4+ 47.
Kf2 Kb7 48. Ne5 Qf5+ 49. Ke3 Qe4+ 50. Kd2 Qg2+ 51. Kc1 Qf1+ 52. Kb2 Qe2+ 53. Ka3
Qc2 54. Nc6 Qxc3+ 55. Ka2 Qc2+ 56. Ka3 Qc3+ 57. Ka2 Qc2+ 1/2-1/2